• 首页
  • 本馆介绍
  • 公告通知
  • 最新文献
  • 馆藏检索
  • 电子资源
  • 读者导购
  • 参考咨询
  • 我的图书馆
  • 登录
  • 详细信息显示
  • 放入我的书架
  • 预约/预借图书
  • 作者相关作品
  • 分类相关作品
  • 丛书相关作品
  • 出版社相关作品

书目信息

  • 表格格式
  • 工作单格式
  • 卡片格式
题名:
风景园林建筑结构与构造
    
 
作者: 张丹 , 姜虹 编
分册:  
出版信息: 北京   化学工业出版社  2017.8
页数: 276页
开本: 26cm
丛书名:
单 册:
中图分类: TU986.4
科图分类:
主题词: 园林建筑--建筑结构--高等学校--教材 , 园林建筑--建筑构造--高等学校--教材
电子资源:
ISBN: 978-7-122-26561-6
000 01135nam0 2200289 450
001 0400003197
005 20171026093322.43
010    @a978-7-122-26561-6@dCNY38.00
100    @a20160627d2017 em y0chiy50 ea
101 0  @achi
102    @aCN@b110000
105    @aa z 000yy
106    @ar
200 1  @a风景园林建筑结构与构造@9feng jing yuan lin jian zhu jie gou yu gou zao@f张丹,姜虹编
205    @a第2版
210    @a北京@c化学工业出版社@d2017.8
215    @a276页@c图@d26cm
300    @a普通高等教育“十三五”规划教材 风景园林建筑系列
320    @a有书目(第276页)
330    @a本教材从教学实际需求出发,系统、有针对性地介绍了风景园林建筑结构形式的分类方法、适用范围、体系特点,以及建筑物各组成部分的材料组成、构造原理和构造方法,并配有实例分析和课程设计指导。全书共五章,内容包括:绪论、风景园林建筑结构、风景园林建筑构造、实例分析、课程设计。
606 0  @a园林建筑@x建筑结构@x高等学校@j教材
606 0  @a园林建筑@x建筑构造@x高等学校@j教材
690    @aTU986.4@v4
701  0 @a张丹@9zhang dan@4编
701  0 @a姜虹@9jiang hong@4编
801  0 @aCN@b91MARC@c20171021
905    @b1033461-5@dTU986.4@f5@e1170=2
    
    风景园林建筑结构与构造/张丹,姜虹编.-第2版.-北京:化学工业出版社,2017.8
    276页:图;26cm
    普通高等教育“十三五”规划教材 风景园林建筑系列
    
    ISBN 978-7-122-26561-6:CNY38.00
    本教材从教学实际需求出发,系统、有针对性地介绍了风景园林建筑结构形式的分类方法、适用范围、体系特点,以及建筑物各组成部分的材料组成、构造原理和构造方法,并配有实例分析和课程设计指导。全书共五章,内容包括:绪论、风景园林建筑结构、风景园林建筑构造、实例分析、课程设计。
●
相关链接 在E读中查询图书 在五车中查询图书 在当当中查询图书 在豆瓣中查询图书


正题名:风景园林建筑结构与构造     索取号:TU986.4/1170=2         预约/预借

序号 登录号 条形码 馆藏地/架位号 状态 备注
1 1033461   210334618   密集书库-生命科学系/ [索取号:TU986.4/1170=2] 在馆    
2 1033462   210334627   第三借阅区/ [索取号:TU986.4/1170=2] 在馆    
3 1033463   210334636   第三借阅区/ [索取号:TU986.4/1170=2] 在馆    
4 1033464   210334645   第三借阅区/ [索取号:TU986.4/1170=2] 在馆    
5 1033465   210334654   第三借阅区/ [索取号:TU986.4/1170=2] 在馆    
唐山师范学院图书馆 欢迎您!
大连网信软件有限公司© 版权所有